000 010500000a22003250004500
999 _c46358
_d46358
001 20004
003 CO-MdFUSB
005 20190202100329.0
008 170526t1968 enk||||f |||| 00| 0 eng d
040 _aCO-MdFUSB
_bspa
_cCO-MdFUSB
_dCO-MdFUSB
_erda
041 _aeng
082 _224
_aG 221.6
_bH442h
100 1 _aHeaton, E. W.
_eautor
245 0 4 _aThe Hebrew kingdoms
_c/ E. W. Heaton
264 1 _aLondon :
_bOxford University Press,
_c℗1968
264 4 _c©1968
300 _axx, 437 páginas
_c19 cm.
336 _2rdacontent
_a1
_ba1
337 _2rdamedia
_a2
_b5
338 _2rdacarrier
_a2
_b5
490 _aThe New Clarendon Bible
501 _aIncluye índices (p. 401-437)
504 _aBibliografía (p. 396- 402)
505 0 0 _aLos reinos hebreos - Las tradiciones económicas, sociales y religiosas de los reinos - Historia de los reinos - Culto - Sabiduría - Ley - Profecía
563 _aPasta dura
650 0 _aBiblia
_916
653 _aBiblia - Antiguo Testamento
942 _cBK